000 00588nam a22001817a 4500
005 20231113121729.0
008 231113b |||||||| |||| 00| 0 eng d
020 _a0409032751 ; 0409032743
041 _aAfrikaans
082 _a345.5 HIE
100 _aKriegler, J met Kruger, A
_lAfrikaans
245 _aHiemstra Suid-Afrikaanse Strafproses /
_cJ Kriegler met A Kruger
250 _aSesde Uitgawe
260 _aDurban :
_bLexisNexis Butterworths,
_c2002
300 _bix, 1072 pages ;
_c24,7 cm.
650 _aLegal practice
_bLaw
942 _cBK
_6ALISON_BN_VRIES
999 _c566
_d566